| 000 | 00000nam##2200000za#4500 |
| 001 | 9.663070 |
| 003 | CaOODSP |
| 005 | 20210615120854 |
| 007 | ta |
| 008 | 150407|2001||||xxc||||| f|0| 0 fre|d |
| 020 | |a0-662-65967-8 |
| 040 | |aCaOODSP|bfre |
| 041 | |aeng |
| 041 | |afre |
| 043 | |an-cn--- |
| 086 | 1 |aH21-172/2001-2 |
| 110 | 1 |aCanada.|bSanté Canada. |bDirection générale de la politique de la santé et des communications. |
| 245 | 10|aDépenses de santé au Canada selon l'âge et le sexe, 1980-1981 à 2000-2001: annexe statistique |
| 260 | |aOttawa - Ontario : |bSanté Canada. |c2001. |
| 300 | |a62p. (pp. 19-60 sont des figures); 476 pages de tableaux. : |bfigures, tableaux ; |c28 cm. |
| 546 | |aBilingue |
| 563 | |aReliure à spirale |
| 590 | |a01-42|b2001-10-19 |
| 691 | 07|aCoût|2gcpds |
| 691 | 07|aIndustrie de la santé|2gcpds |
| 776 | 0#|tHealth expenditures in Canada by age and sex, 1980-81 to 2000-01 : |w(CaOODSP)9.675759 |
| 791 | |tHealth expenditures in Canada by age and sex, 1980-81 to 2000-01: statistical annex |eeng|w(CaOODSP)9.663069 |